| 000 | 01394cam a2200301 4500 | ||
|---|---|---|---|
| 008 | #DATE n2003 000 0 eng u | ||
| 020 | _a1904388043 | ||
| 035 | _a(Sirsi) u122557 | ||
| 050 |
_a711.1 _c18 |
||
| 100 | _aWarner, Andrew | ||
| 245 |
_aPlanning permission - how to get it _ba CPD study pack |
||
| 260 |
_aReading _bCollege of Estate Management _c2003 |
||
| 300 |
_a28p. _c30cm. + 1 audio cassette (ca. 60 min.) |
||
| 350 | _a35.50 | ||
| 490 | _aCollege of Estate Management CPD Study Pack | ||
| 520 | _aSecond edition of this CPD study pack considering the need for planning permission, pre-application considerations and submitting applications, the role of the planning authority in the planning application process, and how applications can appeal. | ||
| 520 | _aIncludes the Owlion Audio Presentation "The planning framework and how to obtain planning permission" which is available to borrow separately (J84322). | ||
| 520 | _aSupersedes first edition (ISBN 1899769471). | ||
| 520 | _aWITHDRAWN BY COLLEGE OF ESTATE MANAGEMENT IN 2005 (OUT OF DATE) | ||
| 650 | _aGENERAL PERMITTED DEVELOPMENT ORDER | ||
| 650 | _aPLANNING APPEALS | ||
| 650 | _aPLANNING APPLICATIONS | ||
| 650 | _aPLANNING PERMISSION | ||
| 650 | _aTOWN AND COUNTRY PLANNING ACT 1990 S55 | ||
| 690 | _aPLANNING LAW AND PRACTICE | ||
| 710 |
_aCollege of Estate Management _9400 |
||
| 942 | _n0 | ||
| 999 |
_c85425 _d85425 |
||